Artful childmaking: artificial insemination in catholic teaching

Sparad:
Bibliografiska uppgifter
Huvudupphovsman: Wakefield, John C (Författare, medförfattare)
Materialtyp: Bok
Språk:engelska
Publicerad: Saint Louis The Pope John Center 1978
Ämnen:
Taggar: Lägg till en tagg
Inga taggar, Lägg till första taggen!

MARC

LEADER 00000nam a2200000 a 4500
001 UCX7926
003 CL-VaPUC
008 940113e19780000US |||||||||||||||||eng|d
082 0 4 |a 176  |b WAK  |2 21 
100 0 |a Wakefield, John C  |e author  |9 324905 
245 1 0 |a Artful childmaking: artificial insemination in catholic teaching 
300 |a 205 p 
942 |c BK 
945 |d 19940113 00:00:00  |a aalvarez 
260 |a Saint Louis  |b The Pope John Center  |c 1978 
650 7 |a INSEMINACION ARTIFICIAL HUMANA ASPECTOS RELIGIOSOS  |2 CL-VaPUC  |9 324906 
583 |a last modification  |c 19940113 00:00:00  |k Rodrigo Vera 
999 |c 227592  |d 227590 
952 |0 0  |1 2  |4 0  |6 176_000000000000000_WAK_1978  |7 0  |8 A  |9 226710  |a BIBTEO  |b BIBTEO  |d 2019-11-15  |i 2946777  |o 176 WAK 1978  |p 2946777  |r 2019-11-15  |w 2019-11-15  |x Descarte 2019  |y BK  |k ICR